| 000 | 00892cam a2200253 a 4500 | ||
|---|---|---|---|
| 020 | _a0471850527 | ||
| 020 | _a0471874272 (pbk.) | ||
| 082 | 0 |
_a691 _bELL _cL-26, P-79 |
|
| 100 | 1 |
_aEllison, Donald C. _938824 |
|
| 245 | 1 | 0 |
_aBuilding construction : _bmaterials and types of construction / _cDonald C. Ellison, W.C. Hungtington, Robert E. Mickadeit. |
| 250 | _a6th ed. | ||
| 260 |
_aNew York : _bWiley, _cc1987. |
||
| 300 |
_aviii, 434 p. : _bill. ; _c29 cm. |
||
| 500 | _aIncludes index. | ||
| 500 | _aRev. ed. of: Building construction / Whitney Clark Huntington, Robert E. Mickadeit. 1981. | ||
| 526 |
_a0 _b0 _c0 _d691_000000000000000_ELL |
||
| 650 | 0 | _aBuilding materials. | |
| 650 | 0 | _aBuilding. | |
| 650 | 0 |
_aMCE _9379 |
|
| 700 | 1 |
_aHuntington, Whitney Clark, _938825 |
|
| 700 | 1 |
_aHuntington, Whitney Clark, _938825 |
|
| 700 | 1 |
_aMickadeit, Robert E., _938826 |
|
| 942 |
_2ddc _cBK |
||
| 999 |
_c548916 _d548916 |
||